Представление документа в формате RUSMARC

ПолеНазваниеЗначение
  Тип записи a
  Библиографический уровень m
001 Контрольный номер aa9abef46d3e4cc5b4abf697f25ffca2
005 Дата корректировки 20230111114423.2
010 Индекс ISBN __
a ISBN 978-5-408-04982-0
9 Тираж 3000 экз.
d Цена 162-40
100 Данные общей обработки __
a Данные общей обработки 20220805d2021 cd y0rusy028902 ca
101 Язык документа 0_
a Язык текста rus
102 Страна публикации __
a Страна публикации RU
105 Кодированные данные (монография) __
a Кодированные данные (монография) a g 001yy
181 Поле кодированных данных: вид содержания _0
a Код вида содержания (ISBD) i
182 Поле кодированных данных: тип средства _0
a Код типа средства (ISBD) n
200 Заглавие и сведения об ответственности 1_
a Заглавие Культурные ценности России
e Сведения, относящиеся к заглавию начальная школа
f Первые сведения об ответственности составитель Никитина Елена Ринатовна
203 Вид содержания и тип средства __
a Вид содержания Текст
c Тип средства непосредственный
205 Сведения об издании __
a Основные сведения об издании 4-е издание
210 Выходные данные 1_
a Место издания Москва
c Издательство ВАКО
d Дата издания 2021
215 Физическое описание __
a Объем 80 с., [4] л. ил.
d Формат 24 см
c Иллюстрации/тип воспроизводства цв. ил.
225 Серия 2_
a Серия Школьный словарик
330 Аннотация __
a Аннотация Издание знакомит младших школьников с интересными архитектурными памятниками России (крепостями, монастырями, храмами), историей из создания. Справочник содержит рассказы о скульптурных памятниках выдающимся правителям, поэтам, путешественникам, о крупнейших театрах, музеях и библиотеках. Адресовано учителям, родителям и учащимся 1-4 классов.
606 Тематические рубрики __
a Основная рубрика Изобразительное искусство и архитектура
2 Код системы nlr_sh
y Географическая подрубрика Россия
606 Тематические рубрики __
a Основная рубрика История архитектуры
2 Код системы nlr_sh
606 Тематические рубрики __
2 Код системы nlr_sh
a Основная рубрика История скульптуры
610 Ключевые слова 0_
a Ключевые слова детская литература
610 Ключевые слова 0_
a Ключевые слова познавательная литература
610 Ключевые слова 0_
a Ключевые слова культурные ценности
610 Ключевые слова 0_
a Ключевые слова история архитектуры
610 Ключевые слова 0_
a Ключевые слова история скульптуры
610 Ключевые слова 0_
a Ключевые слова архитектурные памятники
610 Ключевые слова 0_
a Ключевые слова памятники архитектуры
610 Ключевые слова 0_
a Ключевые слова крепости
610 Ключевые слова 0_
a Ключевые слова монастыри
610 Ключевые слова 0_
a Ключевые слова храмы
610 Ключевые слова 0_
a Ключевые слова история создания
610 Ключевые слова 0_
a Ключевые слова скульптурные памятники
610 Ключевые слова 0_
a Ключевые слова памятники скульптуры
610 Ключевые слова 0_
a Ключевые слова скульптуры
610 Ключевые слова 0_
a Ключевые слова архитектура
610 Ключевые слова 0_
a Ключевые слова библиотеки
610 Ключевые слова 0_
a Ключевые слова кремли
610 Ключевые слова 0_
a Ключевые слова соборы
610 Ключевые слова 0_
a Ключевые слова музеи
610 Ключевые слова 0_
a Ключевые слова дома-музеи
610 Ключевые слова 0_
a Ключевые слова галереи
610 Ключевые слова 0_
a Ключевые слова усадьбы
610 Ключевые слова 0_
a Ключевые слова исторические памятники
610 Ключевые слова 0_
a Ключевые слова памятники истории
610 Ключевые слова 0_
a Ключевые слова театры
610 Ключевые слова 0_
a Ключевые слова консерватории
610 Ключевые слова 0_
a Ключевые слова церкви
686 Индексы других классификаций __
2 Код системы rubbks
a Классификационный индекс мл85я2
702 Вторичная интеллектуальная ответственность _1
a Фамилия Никитина
b Имя Е. Р.
g Полное личное имя Елена Ринатовна
4 Код отношения 220
801 Источник записи _0
b Организация Муниципальное бюджетное учреждение культуры "Централизованная библиотечная система" г. Сургут (Центральная городская библиотека им. А. С. Пушкина)
a Страна RU
c Дата составления 20220805
g Правила каталогизации PSBO
801 Источник записи _1
b Организация Муниципальное бюджетное учреждение культуры "Централизованная библиотечная система" г. Сургут (Центральная городская библиотека им. А. С. Пушкина)
a Страна RU
c Дата составления 20220805
g Правила каталогизации PSBO
852 Данные о местонахождении 5_
i Авторский знак К 90
j Шифр хранения мл85я2
900 Макрообъекты __
a Макрообъекты Культурные ценности России. Начальная школа. 2021
901 Тип документа __
a Ответственный КиК/Лукашук
t Тип документа m
903 Характеристики (МАРС) __
a Дата передачи 20220805
c Наименование библиотеки (МАРС) Муниципальное бюджетное учреждение культуры "Централизованная библиотечная система" г. Сургут (Центральная городская библиотека им. А. С. Пушкина)
969 Тип издания __
a Тип издания справочное издание
a Тип издания издание для детей
990 Данные о заказе (DOS) __
j Количество экземпляров (DOS) 6
t N записи в КСУ для И/У (DOS) 202208